000 00272nam a22001217a 4500
008 170327b xxu||||| |||| 00| 0 eng d
041 _aeng
080 _a615.83
100 _a8
101 _aSHM
245 _aADAPTATIONS OF MUSCULAR ACTIVITY
_cLOGAN, G.A
942 _2udc
_cBK
999 _c8712
_d8712